| 000 | 00000nam##2200000za#4500 |
| 001 | 9.581176 |
| 003 | CaOODSP |
| 005 | 20210624191407 |
| 007 | cr ||||||||||| |
| 008 | 150406|2004||||xxc|||||o f|0| 0 eng|d |
| 040 | |aCaOODSP|beng |
| 043 | |an-cn--- |
| 086 | 1 |aNH18-22/104-124E-PDF |
| 110 | 2 |aCanada Mortgage and Housing Corporation. |
| 245 | 10|aSummary of research on water resistive barriers |h[electronic resource] |
| 250 | |aRevised 2010 |
| 260 | |aOttawa - Ontario : |bCanada Mortgage and Housing Corporation |cc2004, 2010. |
| 300 | |a6p.|bfigs. |
| 490 | 1 |aResearch highlight. Technical series |v04-124 |
| 500 | |aFile reproduced from original print. |
| 590 | |a14-20-Supp|b2014-11-25 |
| 775 | 08|tRésumé de la recherche sur les membranes de revêtement intermédiaire |w(CaOODSP)9.608023 |
| 776 | 0#|tSummary of research on water resistive barriers |w(CaOODSP)9.617236 |
| 830 | #0|aResearch highlight. Technical series ;|v04-124|w(CaOODSP)9.504482 |
| 856 | 40|ahttp://publications.gc.ca|qPDF|s224 KB|uhttps://publications.gc.ca/collections/collection_2014/schl-cmhc/NH18-22-104-124-eng.pdf|y04-124 |